| 000 | 01083nam a2200289 a 4500 | ||
|---|---|---|---|
| 001 | C01266902c-8 | ||
| 003 | CO-ViMGA | ||
| 005 | 20230915225022.0 | ||
| 008 | 110224s2010 ck ab gr 00110aspa d | ||
| 020 | _a9789587580020 | ||
| 040 |
_aCO-ViMGA _bspa _cCO-ViMGA |
||
| 041 | 1 | _heng | |
| 043 | _af-sa--- | ||
| 082 | 0 | 4 |
_a920 _bM15l3 _219 |
| 100 | 1 |
_aMandela, Nelson Rolihlahla, _d1918-2013 _9267 |
|
| 245 | 1 | 3 |
_aEl largo camino hacia la libertad : _bla autobiografía de Nelson Mandela / _ctraducción de Antonio Resines y Herminia Bevia. |
| 260 |
_aMadrid : _bAguilar, _c2010. |
||
| 300 |
_a661, [24] p. de láminas : _bil., mapa ; _c23 cm. |
||
| 500 | _aGlosario : p. 649-652. | ||
| 504 | _aIncluye bibliografía e índice. | ||
| 534 |
_pTítulo original : _tLong walk to freedom. The autobiography of Nelson Mandela. |
||
| 600 | 1 | 4 |
_aMandela, Nelson Rolihlahla, _d1918-2013 _v Autobiografías. _9268 |
| 650 | 1 | 4 |
_aRacismo _z Sudáfrica _x Relatos personales. _9269 |
| 700 | 1 |
_aBevia, Herminia, _etr. _9271 |
|
| 700 | 1 |
_aResines, Antonio, _etr. _9270 |
|
| 942 |
_2ddc _cBK |
||
| 999 |
_c7103 _d7103 |
||